Interferometry of Fibrous Materials / (Record no. 611)
[ view plain ]
| 000 -LEADER | |
|---|---|
| fixed length control field | 01118nac a22002651u 4500 |
| 008 - FIXED-LENGTH DATA ELEMENTS--GENERAL INFORMATION | |
| fixed length control field | 100905t xxu||||| |||| 00| 0 eng d |
| 010 ## - LIBRARY OF CONGRESS CONTROL NUMBER | |
| LC control number | 89019960 |
| 020 ## - INTERNATIONAL STANDARD BOOK NUMBER | |
| International Standard Book Number | 0852741006 |
| 082 00 - DEWEY DECIMAL CLASSIFICATION NUMBER | |
| Classification number | 620.197 |
| Item number | BAR |
| 100 ## - MAIN ENTRY--PERSONAL NAME | |
| Personal name | Barakat, N., |
| 9 (RLIN) | 17920 |
| 245 10 - TITLE STATEMENT | |
| Title | Interferometry of Fibrous Materials / |
| Statement of responsibility, etc | N. Barakat and A.A. Hamza. |
| 260 ## - PUBLICATION, DISTRIBUTION, ETC. (IMPRINT) | |
| Place of publication, distribution, etc | Bristol ; |
| -- | New York : |
| Name of publisher, distributor, etc | A. Hilger, |
| Date of publication, distribution, etc | c1990. |
| 300 ## - PHYSICAL DESCRIPTION | |
| Extent | xv, 161 p., 3 p. of plates : |
| Other physical details | ill. (some col.) ; |
| Dimensions | 24 cm. |
| 440 #4 - | |
| -- | 17921 |
| 490 ## - Series Statement | |
| -- | 17921 |
| Series statement | The Adam Hilger series on optics and optoelectronics |
| 500 ## - GENERAL NOTE | |
| General note | Donations. |
| 500 ## - GENERAL NOTE | |
| General note | Donations - Dr. Ahmed Hamza. |
| 504 ## - BIBLIOGRAPHY, ETC. NOTE | |
| Bibliography, etc | Includes bibliographical references and indexes |
| 650 #0 - SUBJECT ADDED ENTRY--TOPICAL TERM | |
| Topical term or geographic name as entry element | Fibers |
| General subdivision | Optical properties. |
| 9 (RLIN) | 17922 |
| 650 #0 - SUBJECT ADDED ENTRY--TOPICAL TERM | |
| Topical term or geographic name as entry element | Interferometry. |
| 9 (RLIN) | 17923 |
| 700 1# - ADDED ENTRY--PERSONAL NAME | |
| Personal name | Hamza, A. A. |
| 9 (RLIN) | 17924 |
| 856 42 - ELECTRONIC LOCATION AND ACCESS | |
| Materials specified | Publisher description |
| Uniform Resource Identifier | <a href="http://www.loc.gov/catdir/enhancements/fy0653/89019960-d.html">http://www.loc.gov/catdir/enhancements/fy0653/89019960-d.html</a> |
| 942 ## - ADDED ENTRY ELEMENTS (KOHA) | |
| Item type | Book - Borrowing |
| Call number prefix | 620.197BAR |
| Source of classification or shelving scheme | Dewey Decimal Classification |
| Withdrawn status | Item status | Source of classification or shelving scheme | Damaged status | Not for loan | Vendor | Home library | Current library | Shelving location | Date acquired | Source of acquisition | Total Checkouts | Total Renewals | Full call number | Barcode | Date last seen | Date last borrowed | Koha item type |
|---|---|---|---|---|---|---|---|---|---|---|---|---|---|---|---|---|---|
| Dewey Decimal Classification | Central Library | Central Library | First floor | 23/09/2010 | 2 | 6 | 620.197 BAR | 000004028 | 15/07/2025 | 08/10/2014 | Book - Borrowing |